LEADER 01034nam 2200241 a 450 001 996385654503316 005 20210618230055.0 035 $a(EXLCZ)994940000000076116 100 $a19850716d1674 uy 0 101 0 $afre 135 $aurbn#|||a|bb| 200 10$aMethode nouvelle, et invention extraordinaire de dresser les chevaux$b[electronic resource] $eet les travailler selon la nature, qui est perfectione?e par la subtilite? d'un art, qui n'a jamais este? trouve? /$fque par ... Guillaume de Cavendysh ... ; traduite mot a? mot en Franc?ois, sur l'original anglois 210 $aLondres $cChez Tho. Milbourn$d1671 215 $a[16], 428, [4] p 300 $aReproduction of original in Huntington Library. 330 $aeebo-0113 606 $aHorsemanship 615 0$aHorsemanship. 700 $aNewcastle$b William Cavendish$cDuke of$f1592-1676$0118382 906 $aBOOK 912 $a996385654503316 996 $aMethode nouvelle, et invention extraordinaire de dresser les chevaux$92402245 997 $aUNISA LEADER 01184nam0 22003011i 450 001 UON00334010 005 20231205104231.744 010 $a04-15-00991-X 100 $a20090928d1990 |0itac50 ba 101 $aeng 102 $aGB 105 $a|||| ||||| 200 1 $aChange in language$eWhitney, Bréal, and Wegener$fBrigitte Nerlich 210 $aLondon$aNew York$cRoutledge$d1990 215 $aXIV, 213 p.$d22 cm. 410 1$1001UON00175643$12001 $a Routledge history of linguistic thought series$1210 $aLondon$aNew York$cRoutledge. 606 $aLinguistica$xStoria$3UONC018403$2FI 620 $aUS$dNew York$3UONL000050 620 $aGB$dLondon$3UONL003044 676 $a410.92$cLinguistica. Bibliografie di persone$v21 700 1$aNERLICH$bBrigitte$3UONV155739$0157018 712 $aRoutledge$3UONV248939$4650 801 $aIT$bSOL$c20250606$gRICA 899 $aSIBA - SISTEMA BIBLIOTECARIO DI ATENEO$2UONSI 912 $aUON00334010 950 $aSIBA - SISTEMA BIBLIOTECARIO DI ATENEO$dSI 17 0065 $eSI LO 52669 5 0065 $sBuono 996 $aChange in language$9490332 997 $aUNIOR